000 00249nam a2200097Ia 4500
001 815888
005 20250826171705.0
008 250824s9999 xx 000 0 und d
245 0 _aUYKUCU ŞİİRLER
_cHAYDAR ERGÜLEN
260 _bKIRMIZI KEDİ YAYINLARI
999 _c815888
_d815888